[Event "15th Bosna it"]
[Site "Sarajevo YUG"]
[Date "1972.03.30"]
[Round "9"]
[White "Tatai, Stefano"]
[Black "Hort, Vlastimil"]
[Result "1-0"]
[WhiteElo "2440"]
[BlackElo "2605"]
[EventDate "1972.03.20"]
[PlyCount "99"]
[Source "Perpetual Check"]

1.e4 d6 2.d4 g6 3.f4 Bg7 4.Nf3 Bg4 5.c3 Nf6 6.h3 Bd7 7.Bd3 d5 8.e5 Ne4 9.
Bxe4 dxe4 10.Ng5 f6 11.Nxe4 Bc6 12.Qe2 O-O 13.O-O Qd5 14.Re1 Nd7 15.Na3 g5
16.Ng3 fxe5 17.fxe5 h6 18.Nc2 Nb6 19.Nb4 Qe6 20.Nxc6 Qxc6 21.Bd2 Qd5 22.
Qe4 Rad8 23.Rf1 Qxe4 24.Nxe4 Nc4 25.Rxf8+ Bxf8 26.Bc1 e6 27.b3 Nb6 28.Be3 
Nd5 29.Kf2 Ba3 30.Bd2 a5 31.Ke2 b6 32.Rf1 Be7 33.a4 Kg7 34.c4 Nb4 35.Bxb4 
Bxb4 36.Ke3 Ba3 37.Rf6 Bc1+ 38.Kd3 c5 39.d5 exd5 40.Nd6 dxc4+ 41.Kxc4 Bb2 
42.Nf5+ Kg8 43.Rd6 Re8 44.e6 h5 45.g4 hxg4 46.hxg4 Kh7 47.Rxb6 Kg6 48.e7+ 
Bf6 49.Re6 Kf7 50.Kd5 1-0

[Event "15th Bosna it"]
[Site "Sarajevo YUG"]
[Date "1972.03.30"]
[Round "9"]
[White "Vukic, Milan"]
[Black "Bukal, Vladimir"]
[Result "1/2-1/2"]
[WhiteElo "2430"]
[BlackElo "2440"]
[EventDate "1972.03.20"]
[PlyCount "120"]
[Source "Perpetual Check"]

1.Nf3 Nf6 2.g3 d5 3.c4 c6 4.b3 Bg4 5.Bb2 Nbd7 6.Bg2 e6 7.O-O Be7 8.d3 O-O 
9.Nbd2 a5 10.a3 b5 11.Qc2 Rc8 12.h3 Bh5 13.Rac1 b4 14.a4 h6 15.Rfe1 Nc5 
16.Qb1 Nfd7 17.cxd5 cxd5 18.Rc2 Qb6 19.Rec1 Qb7 20.Qa1 f6 21.Nd4 Bf7 22.
Nb5 Na6 23.Nc4 Qb8 24.Nd2 Rxc2 25.Rxc2 Rc8 26.Qc1 Nb6 27.Nd4 Bc5 28.h4 
Bxd4 29.Bxd4 Rxc2 30.Qxc2 Qc8 31.Qxc8+ Nxc8 32.f4 Kf8 33.e4 Ke7 34.exd5 
exd5 35.Kf2 Kd6 36.Bh3 Be6 37.Bf1 Nc5 38.Be2 Ne7 39.h5 Nc6 40.Ke3 Bf7 41.
f5 Nxd4 42.Kxd4 Nd7 43.g4 Nb8 44.Ke3 Nc6 45.d4 Be8 46.Bb5 Bd7 47.Nf3 Nb8 
48.Be2 Bc8 49.Nh4 Na6 50.Ng6 Nc7 51.Nf4 Bd7 52.Nd3 Bc8 53.Nc5 Kc6 54.Kf4 
Kd6 55.Ke3 Kc6 56.Kd2 Kb6 57.Bf1 Kc6 58.Ke3 Kb6 59.Bg2 Kc6 60.Kf3 Kd6 
1/2-1/2

[Event "15th Bosna it"]
[Site "Sarajevo YUG"]
[Date "1972.03.31"]
[Round "10"]
[White "Keres, Paul"]
[Black "Minic, Dragoljub"]
[Result "1/2-1/2"]
[WhiteElo "2615"]
[BlackElo "2490"]
[EventDate "1972.03.20"]
[PlyCount "82"]
[Source "Perpetual Check"]

1.c4 g6 2.Nc3 Bg7 3.Nf3 c5 4.e3 Nf6 5.d4 O-O 6.Be2 cxd4 7.exd4 d5 8.O-O 
Nc6 9.Be3 dxc4 10.Bxc4 Ng4 11.Ne4 Na5 12.Bd3 Be6 13.Qe2 b6 14.Ba6 Bd5 15.
Bf4 Nf6 16.Nxf6+ exf6 17.Rfd1 Re8 18.Qd3 Bf8 19.Qc3 Bd6 20.Bg3 Bxg3 21.
hxg3 Re7 22.Rac1 Nb7 23.Nd2 Nd6 24.Nf1 Ne4 25.Qa3 Qd6 26.Qxd6 Nxd6 27.b3 
Rd8 28.Ne3 Be4 29.Rc3 Bb7 30.Bxb7 Rxb7 31.d5 Rbd7 32.Kf1 Kg7 33.g4 f5 34.
gxf5 Nxf5 35.Nxf5+ gxf5 36.Rcd3 Kf6 37.f4 Rc8 38.Ke2 Rc2+ 39.R1d2 Rc1 40.
d6 Rc6 41.Rd5 Ke6 1/2-1/2

[Event "15th Bosna it"]
[Site "Sarajevo YUG"]
[Date "1972.03.31"]
[Round "10"]
[White "Jansa, Vlastimil"]
[Black "Vukic, Milan"]
[Result "1/2-1/2"]
[WhiteElo "2450"]
[BlackElo "2430"]
[EventDate "1972.03.20"]
[PlyCount "100"]
[Source "Perpetual Check"]

1.Nf3 Nf6 2.g3 g6 3.b3 Bg7 4.Bb2 O-O 5.Bg2 d6 6.d4 Nc6 7.O-O e5 8.dxe5 Ng4
9.c4 Re8 10.Nc3 Ngxe5 11.Nxe5 dxe5 12.Bxc6 bxc6 13.Qxd8 Rxd8 14.Rfd1 Bf5 
15.Na4 f6 16.Bc3 Bf8 17.Ba5 Rxd1+ 18.Rxd1 Rc8 19.f3 Kf7 20.Kf2 Ke8 21.e4 
Bd7 22.Ke2 Bd6 23.Bd2 a6 24.Be3 Rb8 25.Bc5 Ke7 26.Ke3 h5 27.Bxd6+ cxd6 28.
c5 dxc5 29.Nxc5 Bc8 30.Kd3 a5 31.a3 f5 32.Kc4 fxe4 33.fxe4 Bg4 34.Rd2 g5 
35.Kc3 Bh3 36.Nd3 Ke6 37.Nc5+ Ke7 38.Nd3 Ke6 39.Nb2 Bf1 40.Rf2 Bb5 41.Rf5 
Rd8 42.Rxg5 Rd4 43.a4 Be2 44.Nc4 Bxc4 45.bxc4 h4 46.Rg6+ Kd7 47.gxh4 Rxe4 
48.h5 Rh4 49.h6 Rxh2 50.Kd3 Rh4 1/2-1/2

[Event "15th Bosna it"]
[Site "Sarajevo YUG"]
[Date "1972.03.31"]
[Round "10"]
[White "Bogdanovic, Rajko"]
[Black "Tatai, Stefano"]
[Result "0-1"]
[WhiteElo "2435"]
[BlackElo "2440"]
[EventDate "1972.03.20"]
[PlyCount "74"]
[Source "Perpetual Check"]

1.e4 c5 2.Nf3 d6 3.d4 cxd4 4.Nxd4 Nf6 5.Nc3 a6 6.Be2 Nbd7 7.f4 g6 8.Be3 
Bg7 9.g4 e5 10.Nb3 d5 11.exd5 exf4 12.Bxf4 Nb6 13.d6 Nxg4 14.O-O Ne5 15.
Ne4 O-O 16.Nbc5 h6 17.a4 Nbd7 18.Qd5 Nxc5 19.Nxc5 Bh3 20.Rfd1 Nd7 21.Nxd7 
Qxd7 22.Bf3 Rab8 23.c3 Rfe8 24.Re1 Rxe1+ 25.Rxe1 Qxa4 26.Re4 Qa1+ 27.Kf2 
Qf1+ 28.Kg3 g5 29.Be3 Be6 30.Rxe6 fxe6 31.Qxe6+ Kh8 32.d7 Rf8 33.Qd5 Bf6 
34.Bd4 Qe1+ 35.Kg2 Qd2+ 36.Kh3 g4+ 37.Bxg4 Qd3+ 0-1

[Event "15th Bosna it"]
[Site "Sarajevo YUG"]
[Date "1972.03.31"]
[Round "10"]
[White "Gasic, Bozidar"]
[Black "Petrosian, Tigran"]
[Result "1/2-1/2"]
[WhiteElo "2330"]
[BlackElo "2640"]
[EventDate "1972.03.20"]
[PlyCount "82"]
[Source "Perpetual Check"]

1.e4 c5 2.Nf3 e6 3.d4 cxd4 4.Nxd4 Nf6 5.Nc3 d6 6.g4 a6 7.g5 Nfd7 8.Be3 b5 
9.Bg2 Bb7 10.a4 b4 11.Na2 Nc5 12.f3 a5 13.c3 bxc3 14.Nxc3 Be7 15.h4 Nba6 
16.Qe2 O-O 17.Rd1 Qe8 18.Ndb5 Rd8 19.Kf2 f6 20.gxf6 Bxf6 21.Kg1 Qe7 22.h5 
Be5 23.h6 g6 24.Qd2 Nb4 25.Bg5 Bf6 26.Bxf6 Qxf6 27.Nxd6 Bc6 28.Qe3 Nxa4 
29.Nxa4 Bxa4 30.b3 Qe5 31.bxa4 Rxd6 32.Rxd6 Qxd6 33.Qa7 Qe5 34.Qd7 Nc2 35.
Kf2 Qc5+ 36.Kg3 Qg5+ 37.Kf2 Qe3+ 38.Kg3 Qg5+ 39.Kf2 Qc5+ 40.Kg3 Qe5+ 41.
Kf2 Qc5+ 1/2-1/2

[Event "15th Bosna it"]
[Site "Sarajevo YUG"]
[Date "1972.04.01"]
[Round "11"]
[White "Tatai, Stefano"]
[Black "Matulovic, Milan"]
[Result "1/2-1/2"]
[WhiteElo "2440"]
[BlackElo "2530"]
[EventDate "1972.03.20"]
[PlyCount "63"]
[Source "Perpetual Check"]

1.e4 c5 2.Nf3 Nc6 3.Bb5 g6 4.O-O Bg7 5.Re1 e5 6.Bxc6 dxc6 7.d3 f6 8.Be3 b6
9.a4 Nh6 10.a5 Be6 11.axb6 axb6 12.Rxa8 Qxa8 13.b4 Ng4 14.Bd2 cxb4 15.Bxb4
c5 16.Bd2 b5 17.h3 Nh6 18.Be3 Qc6 19.Qc1 Nf7 20.Qa3 Bf8 21.Qa7 Bd6 22.Nbd2
O-O 23.Ra1 Rc8 24.Ra6 Qd7 25.c4 Qxa7 26.Rxa7 b4 27.Ne1 f5 28.f3 f4 29.Bf2 
Nd8 30.Ra6 Be7 31.Nb3 Bf7 32.g4 1/2-1/2

[Event "15th Bosna it"]
[Site "Sarajevo YUG"]
[Date "1972.04.01"]
[Round "11"]
[White "Rajkovic, Dusan"]
[Black "Bogdanovic, Rajko"]
[Result "0-1"]
[WhiteElo "2410"]
[BlackElo "2435"]
[EventDate "1972.03.20"]
[PlyCount "54"]
[Source "Perpetual Check"]

1.Nf3 Nf6 2.b3 g6 3.Bb2 d5 4.c4 c6 5.e3 Bg7 6.Be2 O-O 7.O-O a5 8.a3 Nbd7 
9.d3 Re8 10.Qc2 e5 11.Rd1 Qe7 12.Nc3 e4 13.Nd4 dxc4 14.dxc4 h5 15.Na4 Qd8 
16.b4 Qe7 17.Bc3 axb4 18.axb4 Ne5 19.h3 Nh7 20.Nb6 Rxa1 21.Rxa1 Bxh3 22.
gxh3 Ng5 23.Kg2 Nef3 24.Bxf3 exf3+ 25.Kf1 Qc7 26.Nf5 Qh2 27.Ke1 Ne4 0-1

[Event "15th Bosna it"]
[Site "Sarajevo YUG"]
[Date "1972.04.01"]
[Round "11"]
[White "Minic, Dragoljub"]
[Black "Bukal, Vladimir"]
[Result "1-0"]
[WhiteElo "2490"]
[BlackElo "2440"]
[EventDate "1972.03.20"]
[PlyCount "51"]
[Source "Perpetual Check"]

1.e4 e6 2.d4 d5 3.Nd2 c5 4.Ngf3 Nc6 5.Bb5 Bd7 6.exd5 exd5 7.O-O Nxd4 8.
Nxd4 cxd4 9.Re1+ Ne7 10.Bxd7+ Qxd7 11.Nf3 f6 12.Nxd4 Kf7 13.Qh5+ g6 14.Qf3
Nf5 15.Nxf5 Qxf5 16.Qb3 Qd7 17.Be3 Be7 18.Rad1 Rhd8 19.c4 Kg7 20.Rxd5 Qc7 
21.Bf4 Qxf4 22.Rxe7+ Kf8 23.Qa3 Kg8 24.Qe3 Qxe3 25.fxe3 b6 26.Rxa7 1-0

[Event "15th Bosna it"]
[Site "Sarajevo YUG"]
[Date "1972.04.03"]
[Round "12"]
[White "Matulovic, Milan"]
[Black "Rajkovic, Dusan"]
[Result "1-0"]
[WhiteElo "2530"]
[BlackElo "2410"]
[EventDate "1972.03.20"]
[PlyCount "85"]
[Source "Perpetual Check"]

1.e4 c5 2.Nf3 Nc6 3.d4 cxd4 4.Nxd4 Qb6 5.Nb3 Nf6 6.Nc3 e6 7.Bd3 Ne5 8.O-O 
a6 9.Be3 Qc7 10.f4 Neg4 11.Bd2 Qb6+ 12.Kh1 Nf2+ 13.Rxf2 Qxf2 14.e5 Nd5 15.
Ne4 Qb6 16.c4 f5 17.cxd5 fxe4 18.Bxe4 g6 19.d6 Bh6 20.Rc1 O-O 21.g3 a5 22.
a4 Ra6 23.Kg2 Qa7 24.Rc7 Qb8 25.Nd4 Rc6 26.Nxc6 bxc6 27.b3 Qb6 28.Qc2 Bg7 
29.Qc3 Qa6 30.Qe3 c5 31.Rxc5 Bb7 32.Rxa5 Bxe4+ 33.Qxe4 Qc8 34.h4 h6 35.Ra7
g5 36.Rc7 Qe8 37.hxg5 hxg5 38.Rc1 g4 39.a5 Qb8 40.b4 Qb5 41.Rh1 Rf5 42.Ra1
Kf7 43.a6 1-0

[Event "15th Bosna it"]
[Site "Sarajevo YUG"]
[Date "1972.04.03"]
[Round "12"]
[White "Gasic, Bozidar"]
[Black "Tatai, Stefano"]
[Result "1-0"]
[WhiteElo "2330"]
[BlackElo "2440"]
[EventDate "1972.03.20"]
[PlyCount "85"]
[Source "Perpetual Check"]

1.e4 c5 2.Nf3 d6 3.Nc3 Nf6 4.d4 cxd4 5.Nxd4 g6 6.Be3 Bg7 7.Bc4 Nc6 8.h3 
O-O 9.O-O Bd7 10.f4 Qa5 11.Bb3 Rad8 12.Nf3 Bc8 13.Qe1 e6 14.Rd1 b5 15.a3 
Bb7 16.f5 gxf5 17.exf5 d5 18.Bg5 Qb6+ 19.Kh1 Na5 20.Qh4 e5 21.Nxe5 Nxb3 
22.cxb3 d4 23.Nxb5 Rd5 24.Nc4 Qxb5 25.Bxf6 Bxf6 26.Qxf6 Qxb3 27.Qg5+ Kh8 
28.Qf6+ Kg8 29.Kh2 Qxc4 30.Rf3 Qc7+ 31.Rg3+ Qxg3+ 32.Kxg3 Rfd8 33.Re1 Bc8 
34.Re5 d3 35.Rxd5 Rxd5 36.Qc6 Rd8 37.Qc7 Rf8 38.Kf4 Ba6 39.Qd6 Bb5 40.a4 
Bc4 41.Qd4 Rc8 42.b3 Ba6 43.Kg5 1-0

[Event "15th Bosna it"]
[Site "Sarajevo YUG"]
[Date "1972.04.04"]
[Round "13"]
[White "Rajkovic, Dusan"]
[Black "Gasic, Bozidar"]
[Result "0-1"]
[WhiteElo "2410"]
[BlackElo "2330"]
[EventDate "1972.03.20"]
[PlyCount "82"]
[Source "Perpetual Check"]

1.c4 e5 2.Nc3 Nc6 3.g3 d6 4.Bg2 Nf6 5.Nf3 g6 6.Rb1 Bf5 7.d3 Bg7 8.b4 Qd7 
9.b5 Nd8 10.O-O O-O 11.Nd5 Nxd5 12.cxd5 b6 13.Qc2 Nb7 14.Be3 a6 15.bxa6 
Rxa6 16.h3 Qc8 17.g4 Bd7 18.Rfc1 Nc5 19.d4 exd4 20.Bxd4 Qa8 21.Bxg7 Kxg7 
22.Nd4 Rxa2 23.Qc3 Kg8 24.Ra1 Ra5 25.h4 Rxa1 26.Rxa1 Qd8 27.g5 Qe7 28.Ra7 
Rc8 29.Qd2 Qf8 30.Qe3 Ra8 31.Qa3 Rxa7 32.Qxa7 Qc8 33.e3 Qb7 34.Qxb7 Nxb7 
35.Bf1 Kf8 36.Bb5 Ke7 37.Kg2 Na5 38.Bxd7 Kxd7 39.Kf3 c5 40.dxc6+ Nxc6 41.
Nc2 b5 0-1

[Event "15th Bosna it"]
[Site "Sarajevo YUG"]
[Date "1972.04.04"]
[Round "13"]
[White "Vukic, Milan"]
[Black "Bogdanovic, Rajko"]
[Result "1/2-1/2"]
[WhiteElo "2430"]
[BlackElo "2435"]
[EventDate "1972.03.20"]
[PlyCount "83"]
[Source "Perpetual Check"]

1.Nf3 Nf6 2.b3 g6 3.Bb2 d5 4.c4 c6 5.e3 Bg7 6.Be2 O-O 7.O-O a5 8.a3 Nbd7 
9.Qc2 Re8 10.d3 e5 11.Nbd2 e4 12.dxe4 dxe4 13.Nd4 Qe7 14.Bc3 h5 15.b4 axb4
16.axb4 Rxa1 17.Rxa1 Nf8 18.N4b3 Ne6 19.Ra8 Ng5 20.Qb1 h4 21.Na5 h3 22.g3 
Qe6 23.Nab3 Rd8 24.Qa1 Qe7 25.Qa5 Ne8 26.Bxg7 Kxg7 27.Qa1+ Kh7 28.Qc3 Nf6 
29.Nd4 Bg4 30.Rxd8 Qxd8 31.Bf1 Nd7 32.c5 Ne5 33.Qa1 Qd5 34.Qb1 Kg7 35.Qa1 
Kh7 36.Qb2 Kh6 37.Qc2 Kg7 38.Bc4 Qd7 39.b5 cxb5 40.Bxb5 Qd5 41.Kf1 Kh7 42.
Kg1 1/2-1/2

[Event "15th Bosna it"]
[Site "Sarajevo YUG"]
[Date "1972.04.04"]
[Round "13"]
[White "Bukal, Vladimir"]
[Black "Jansa, Vlastimil"]
[Result "1-0"]
[WhiteElo "2440"]
[BlackElo "2450"]
[EventDate "1972.03.20"]
[PlyCount "117"]
[Source "Perpetual Check"]

1.c4 Nf6 2.Nc3 d5 3.cxd5 Nxd5 4.g3 g6 5.Bg2 Nb6 6.Nf3 Bg7 7.O-O O-O 8.d3 
Nc6 9.Be3 h6 10.Qc1 Kh7 11.a4 a5 12.Nb5 Nd5 13.Bc5 Ncb4 14.Bd4 f6 15.Rd1 
c6 16.Nc3 e5 17.Bc5 Re8 18.e4 Na6 19.Nxd5 cxd5 20.exd5 Bg4 21.Qe3 Qd7 22.
Rdc1 h5 23.Qd2 Nc7 24.d6 Bh6 25.Be3 Bxe3 26.Qxe3 Qxd6 27.Nd2 Ne6 28.Ne4 
Qe7 29.h3 Bf5 30.Nc3 Rac8 31.Nd5 Qf7 32.Qb6 Bxd3 33.Qxa5 Nd4 34.Rxc8 Rxc8 
35.Qb6 Rc6 36.Qd8 Bf5 37.b4 Kg7 38.b5 Rc8 39.Qb6 Be6 40.Ne3 Rc7 41.a5 Nb3 
42.Rd1 Nd4 43.a6 bxa6 44.bxa6 Qd7 45.Ra1 Nb5 46.Rb1 Nc3 47.Qxc7 Qxc7 48.
Rb7 Nb5 49.Rxc7+ Nxc7 50.a7 f5 51.Nd5 Bxd5 52.Bxd5 h4 53.gxh4 Kh6 54.Kg2 
Kh5 55.Kg3 f4+ 56.Kg2 Kxh4 57.a8=Q Nxa8 58.Bxa8 g5 59.Bf3 1-0

[Event "15th Bosna it"]
[Site "Sarajevo YUG"]
[Date "1972.04.05"]
[Round "14"]
[White "Hort, Vlastimil"]
[Black "Minic, Dragoljub"]
[Result "1/2-1/2"]
[WhiteElo "2605"]
[BlackElo "2490"]
[EventDate "1972.03.20"]
[PlyCount "36"]
[Source "Perpetual Check"]

1.d4 Nf6 2.Nf3 g6 3.c4 c5 4.Nc3 cxd4 5.Nxd4 Bg7 6.e4 Nc6 7.Be3 Ng4 8.Qxg4 
Nxd4 9.Qd1 Ne6 10.Rc1 O-O 11.Bd3 b6 12.h4 Bb7 13.h5 Nc5 14.Bb1 d6 15.hxg6 
fxg6 16.Qg4 Rf7 17.b4 Qd7 18.Qxd7 Nxd7 1/2-1/2

[Event "15th Bosna it"]
[Site "Sarajevo YUG"]
[Date "1972.04.05"]
[Round "14"]
[White "Matulovic, Milan"]
[Black "Vukic, Milan"]
[Result "0-1"]
[WhiteElo "2530"]
[BlackElo "2430"]
[EventDate "1972.03.20"]
[PlyCount "110"]
[Source "Perpetual Check"]

1.e4 c6 2.d3 d5 3.Nd2 g6 4.g3 Bg7 5.Bg2 e5 6.Ngf3 Ne7 7.O-O O-O 8.Re1 Nd7 
9.b4 d4 10.a4 b6 11.Nc4 Qc7 12.Bg5 Re8 13.c3 dxc3 14.Qb3 b5 15.axb5 cxb5 
16.Na3 Qb8 17.Nb1 Nb6 18.Nxc3 Be6 19.Qb1 a6 20.Bxe7 Rxe7 21.Ng5 Bc8 22.h4 
h6 23.Nf3 Be6 24.Nd2 Qd6 25.Rc1 Rc7 26.Nd5 Rxc1+ 27.Qxc1 Nxd5 28.exd5 Bxd5
29.Bxd5 Qxd5 30.Rxa6 Rxa6 31.Qc6 Bf8 32.Qxa6 Qxd3 33.Nf1 Bxb4 34.h5 Bc3 
35.hxg6 fxg6 36.Qe6+ Kf8 37.Qf6+ Ke8 38.Qh8+ Kd7 39.Qxh6 b4 40.Qg7+ Kc6 
41.Qg8 Bd4 42.Qa8+ Kc5 43.Kg2 b3 44.Qa5+ Qb5 45.Qa3+ Kc4 46.Nd2+ Kc3 47.
Qc1+ Kb4 48.Qb1 Qc6+ 49.Ne4 Bxf2 50.Qd3 Bd4 51.Kh3 Qc2 52.Qf3 Qc8+ 53.g4 
b2 54.Qd3 Qc1 55.Nd2 Qc3 0-1

[Event "15th Bosna it"]
[Site "Sarajevo YUG"]
[Date "1972.04.07"]
[Round "15"]
[White "Minic, Dragoljub"]
[Black "Bogdanovic, Rajko"]
[Result "1/2-1/2"]
[WhiteElo "2490"]
[BlackElo "2435"]
[EventDate "1972.03.20"]
[PlyCount "26"]
[Source "Perpetual Check"]

1.e4 c5 2.Nf3 d6 3.d4 cxd4 4.Nxd4 Nf6 5.Nc3 a6 6.Bg5 e6 7.f4 Be7 8.Qf3 Qc7
9.O-O-O Nbd7 10.g4 b5 11.Bxf6 Nxf6 12.g5 Nd7 13.a3 Rb8 1/2-1/2